Normal view
MARC view
Entry Topical Term
001 - CONTROL NUMBER
- control field: 253638
003 - CONTROL NUMBER IDENTIFIER
- control field: OSt
005 - DATE AND TIME OF LATEST TRANSACTION
- control field: 20260203145654.0
008 - FIXED-LENGTH DATA ELEMENTS
- fixed length control field: 260203|| aca||aabn | a|a d
040 ## - CATALOGING SOURCE
- Original cataloging agency: OSt
- Transcribing agency: OSt
150 ## - HEADING--TOPICAL TERM
- Topical term or geographic name entry element: KArmikarige
670 ## - SOURCE DATA FOUND
- Source citation: Work cat.: (OSt)143176: VINOBHACHARYA ವಿನೋಭಾಚಾರ್ಯ 253637, Karmikarige, 1957